Δημοσθένους λόγοι : περί της ειρήνης, περί Αλοννήσου, περί των εν Χερρονήσω, περί των προς Αλέξανδρον συνθηκών ;. Δημοσθένους Oλυνθιακοί ; ; Δημοσθένους λόγοι : περί της ατελείας προς Λεπτίνην ;. Δημοσθένους Φιλιππικοί Α'-Β' : αρχαίον κείμενον

Αποθηκεύτηκε σε:
Λεπτομέρειες βιβλιογραφικής εγγραφής
Κύριος συγγραφέας: Δημοσθένης, 384-322
Άλλοι συγγραφείς: Παπαλεξανδρής, Γεώργιος Φ. (Συγγραφέας εισαγωγής κ.λπ., Μεταφραστής), Κασιμάκος, Νίκων Γ. (Συγγραφέας εισαγωγής κ.λπ., Μεταφραστής), Γαληνός, Αλέξανδρος (Συγγραφέας εισαγωγής κ.λπ., Μεταφραστής), Weil, Henri 1818-1909 (Συγγραφέας εισαγωγής κ.λπ.)
Μορφή: Βιβλίο
Γλώσσα:Greek
Ancient Greek
Δημοσίευση: Αθήναι : Ζαχαρόπουλος, Ι. & Π., Πάπυρος, 1939
Σειρά:Βιβλιοθήκη αρχαίων Ελλήνων πεζογράφων και ποιητών
Βιβλιοθήκη "Παπύρου" ; ; 54
Τα άπαντα των αρχαίων Ελλήνων συγγραφέων
Θέματα:
Ετικέτες: Προσθήκη ετικέτας
Δεν υπάρχουν, Καταχωρήστε ετικέτα πρώτοι!

MARC

LEADER 00000cam a2200000 i 4500
001 1/99040
008 081210s1939 gre d
035 |l 10102311 
040 |a GR-MY-UA  |b gre  |e aacr 
041 0 |a gre  |a grc 
082 0 |a 808.0481  |2 (22) 
100 0 |a Δημοσθένης,   |d 384-322. 
245 1 0 |a Δημοσθένους λόγοι :  |b περί της ειρήνης, περί Αλοννήσου, περί των εν Χερρονήσω, περί των προς Αλέξανδρον συνθηκών ;. Δημοσθένους Oλυνθιακοί ; ; Δημοσθένους λόγοι : περί της ατελείας προς Λεπτίνην ;. Δημοσθένους Φιλιππικοί Α'-Β' : αρχαίον κείμενον / [Δημοσθένης] ; εισαγωγή - μετάφρασις - σχόλια Γ.Φ. Παπαλεξανδρή, Ν.Γ. Κασιμάκου, Αλεξ. Γαληνού, Henri Weil 
260 |a Αθήναι :   |b Ζαχαρόπουλος, Ι. & Π.,   |b Πάπυρος,   |c 1939 
300 |a π. 450 σ.;  |c 20 εκ. 
490 1 |a Βιβλιοθήκη αρχαίων ελλήνων πεζογράφων και ποιητών 
490 1 |a Βιβλιοθήκη "Παπύρου"  |v ; 54 
490 1 |a Τα άπαντα των αρχαίων ελλήνων συγγραφέων 
500 |a Περιέχει αρχαίο ελληνικό κείμενο και νεοελληνική μετάφραση σε αντικριστές σελίδες 
500 |a Το τεκμήριο περιλαμβάνει τα έργα "Δημοσθένους λόγοι: περί της ειρήνης, περί Αλοννήσου, περί των εν Χερρονήσω, περί των προς Αλέξανδρον συνθηκών", "Δημοσθένους Oλυνθιακοί", "Δημοσθένους λόγοι: περί της ατελείας προς Λεπτίνην", "Δημοσθένους Φιλιππικοί Α'-Β'" μαζί 
650 0 0 |a Rhetoric, Ancient. 
650 0 0 |a Greek literature, Hellenistic. 
700 1 |a Παπαλεξανδρής, Γεώργιος Φ.  |4 aui  |4 trl 
700 1 |a Κασιμάκος, Νίκων Γ.  |4 aui  |4 trl 
700 1 |a Γαληνός, Αλέξανδρος.  |4 aui  |4 trl 
700 1 |a Weil, Henri  |d 1818-1909.  |4 aui 
740 0 2 |a Δημοσθένους Oλυνθιακοί 
740 0 2 |a Δημοσθένους λόγοι 
740 0 2 |a Δημοσθένους Φιλιππικοί Α'-Β' 
830 0 |a Βιβλιοθήκη αρχαίων Ελλήνων πεζογράφων και ποιητών 
830 0 |a Βιβλιοθήκη "Παπύρου" ;  |v ; 54 
830 0 |a Τα άπαντα των αρχαίων Ελλήνων συγγραφέων 
852 |a INST  |b RHODES  |c AKA  |e 20081210  |h  808.0481 ΔΗΜ  |p 005400031588  |q 005400031588  |t BK  |y 0 
901 |a BIBL4-2008-3 
909 |a Ρ  |b 156662 
970 |a ΧΑΡΙΟΠΟΛΙΤΟΥ  |b ΚΩΝΣΤΑΝΤΙΝΑ  |z 2008/12/10